Click to Translate - Hittite - Statistics

General Stats
  • This quiz has been taken 23 times
  • The average score is 4 of 18
Answer Stats
Hint Answer % Correct
Father π’€œπ’‹«π’€Έ (attas)
47%
Mother π’€­π’ˆΎπ’€Έ (annas)
42%
I π’Œ‘π’ŠŒ (Ε«k)
42%
Foot π’„Šπ’€Έ (patas)
37%
Sea π’€€π’Š’π’ˆΎπ’€Έ (arunas)
32%
Name π’†·π’€€π’ˆ π’€­ (lāman)
26%
Husband π’‰π’Œπ’ˆΎπ’€Έ (pesnas)
26%
Earth π’‹Όπ’‚Šπ’ƒ· (tΔ“kan)
26%
To Eat π’‚Šπ’„‘π’π’Šπ’£ (Δ“zzi)
21%
Sky π’‰ˆπ’‚Šπ’‰π’…– (nΔ“pis)
21%
Eye 𒃲𒄭𒀀𒅖 (sakaui-is)
21%
To Walk π’„Ώπ’„Ώπ’€€π’€œπ’‹« (i-ya-at-ta /⁠iyatta⁠/)
16%
Old π’ˆͺ𒅀𒄷𒉿𒀭𒍝 (miyahwanz)
16%
Big π’Š©π’‡·π’…– (sallis)
16%
Stone π’‰Ίπ’€Έπ’…†π’†·π’€Έ (passilas)
11%
To Know π’Š­π’€€π’€π’†  (sākki)
11%
Stick π’‰Ίπ’€ͺπ’„­π’…” (paαΈ«αΈ«in)
5%
Fish π’ˆ¦π’„·π’Œ‹π’‰Ώπ’„Ώπ’€€π’€Έ (parαΈ«Ε«wayas)
0%
No matching quizzes found
Score Distribution
Percent of People with Each Score
Percentile by Number Answered
Your Score History
You have not taken this quiz